000 00478nam a2200157 a 4500
001 000049061
005 20240306073904.0
008 190716s1979 dr r 000 0 spa d
040 _aDO-SdBNP
_bspa
_cBNPHU
082 _axxxx
_bA385f
100 1 _aAlfau Durán, Vetilio,
_d1909-1985
_910091
245 1 3 _aEl fundador de San Pedro de Macorís /
_cVetilio Alfau Durán.
260 _aSanto Domingo :
_bTaller,
_c1979.
300 _a92 cm. ;
_c23 cm.
590 _aInventariado, 2019/BT
999 _c48549
_d48549